| 000 | 01131nam a2200325 4500 | ||
|---|---|---|---|
| 001 | 57671 | ||
| 003 | CO-BoRNBP | ||
| 005 | 20250718165623.0 | ||
| 007 | ta | ||
| 008 | 920729s1982 sp a 0 spa | ||
| 017 |
_aM 24868-1982 _bOficina Depósito Legal Madrid |
||
| 020 | _a8434579022 | ||
| 040 |
_aIBH _bspa _cSpMaBN _erdc |
||
| 080 | _a28/29"19"(23) | ||
| 100 | 1 |
_aCardín, Alberto _d1948-1992 _961259 |
|
| 245 | 1 | 0 |
_aMovimientos religiosos modernos _h[Texto impreso] _cAlberto Cardín |
| 250 | _a1a. edición | ||
| 300 |
_a64 p. _bil. neg. y col. _c19x22 cm |
||
| 336 |
_2rdacontent _atexto _btxt |
||
| 337 |
_2rdamedia _asin mediación _bn |
||
| 338 |
_2rdacarrier _avolumen _bnc |
||
| 490 | 0 |
_aColección Salvat Temas clave _v93 |
|
| 504 | _aBibliografía: p. 69. Índice | ||
| 650 | 7 |
_aSectas _vObras de divulgación _2embne _961260 |
|
| 650 | 6 |
_aReligiones _xHistoria _yS.XX _vObras de divulgación _2embne _961261 |
|
| 942 |
_2ddc _cBK |
||
| 956 | _a1 2 | ||
| 980 |
_aM 24868-1982 _a84-345-7902-2 _aSpMaBN _bBNMADRID _j4/195187 _cSG_RECOLET |
||
| 980 |
_aM 24868-1982 _a84-345-7902-2 _aSpMaBN _bBNALCALA _jDL/194404 _cCONSERVACI |
||
| 999 |
_c57671 _d57671 |
||